The abuse of property / (Record no. 1594)
[ view plain ]
| 000 -LEADER | |
|---|---|
| fixed length control field | 02003cam a2200457 i 4500 |
| 001 - CONTROL NUMBER | |
| control field | data |
| 005 - DATE AND TIME OF LATEST TRANSACTION | |
| control field | 20260322212108.0 |
| 008 - FIXED-LENGTH DATA ELEMENTS--GENERAL INFORMATION | |
| fixed length control field | data |
| 035 ## - SYSTEM CONTROL NUMBER | |
| System control number | 22662517 |
| 010 ## - LIBRARY OF CONGRESS CONTROL NUMBER | |
| LC control number | 2022029582 |
| 020 ## - INTERNATIONAL STANDARD BOOK NUMBER | |
| International Standard Book Number | 9780262545501 |
| Qualifying information | (paperback) |
| 020 ## - INTERNATIONAL STANDARD BOOK NUMBER | |
| Canceled/invalid ISBN | 9780262374361 |
| Qualifying information | (epub) |
| 020 ## - INTERNATIONAL STANDARD BOOK NUMBER | |
| Canceled/invalid ISBN | 9780262374354 |
| Qualifying information | (pdf) |
| 040 ## - CATALOGING SOURCE | |
| Original cataloging agency | DLC |
| Language of cataloging | eng |
| Description conventions | rda |
| Transcribing agency | DLC |
| 041 1# - LANGUAGE CODE | |
| Language code of text/sound track or separate title | eng |
| Language code of original | ger |
| 042 ## - AUTHENTICATION CODE | |
| Authentication code | pcc |
| 050 00 - LIBRARY OF CONGRESS CALL NUMBER | |
| Classification number | HB701 |
| Item number | .L76413 2023 |
| 082 00 - DEWEY DECIMAL CLASSIFICATION NUMBER | |
| Classification number | 323.4/6 |
| Edition information | 23/eng/20220623 |
| 100 1# - MAIN ENTRY--PERSONAL NAME | |
| Personal name | Loick, Daniel, |
| Relator term | author. |
| 240 10 - UNIFORM TITLE | |
| Uniform title | Missbrauch des Eigentums. |
| Language of a work | English |
| 245 14 - TITLE STATEMENT | |
| Title | The abuse of property / |
| Statement of responsibility, etc. | Daniel Loick ; translated by Jacob Blumenfeld. |
| 264 #1 - PRODUCTION, PUBLICATION, DISTRIBUTION, MANUFACTURE, AND COPYRIGHT NOTICE | |
| Place of production, publication, distribution, manufacture | Cambridge, Massachusetts : |
| Name of producer, publisher, distributor, manufacturer | The MIT Press, |
| Date of production, publication, distribution, manufacture, or copyright notice | [2023] |
| 300 ## - PHYSICAL DESCRIPTION | |
| Extent | xiii, 121 pages ; |
| Dimensions | 18 cm. |
| 336 ## - CONTENT TYPE | |
| Content type term | text |
| Content type code | txt |
| Source | rdacontent |
| 337 ## - MEDIA TYPE | |
| Media type term | unmediated |
| Media type code | n |
| Source | rdamedia |
| 338 ## - CARRIER TYPE | |
| Carrier type term | volume |
| Carrier type code | nc |
| Source | rdacarrier |
| 490 0# - SERIES STATEMENT | |
| Series statement | Untimely meditations ; |
| Volume/sequential designation | 19 |
| 500 ## - GENERAL NOTE | |
| General note | Originally published as Der Missbrauch des Eigentum in Berlin by August Verlag. |
| 504 ## - BIBLIOGRAPHY, ETC. NOTE | |
| Bibliography, etc. note | Includes bibliographical references. |
| 520 ## - SUMMARY, ETC. | |
| Summary, etc. | "In The Abuse of Property, Daniel Loick offers a multifaceted philosophical critique of property, arguing that property rights are not conditions of freedom or justice, but deficient, dysfunctional, and harmful ways of interacting with other people and the natural environment"-- |
| Assigning source | Provided by publisher. |
| 650 #0 - SUBJECT ADDED ENTRY--TOPICAL TERM | |
| Topical term or geographic name entry element | Property. |
| 650 #0 - SUBJECT ADDED ENTRY--TOPICAL TERM | |
| Topical term or geographic name entry element | Right of property. |
| 650 #0 - SUBJECT ADDED ENTRY--TOPICAL TERM | |
| Topical term or geographic name entry element | Property |
| General subdivision | Social aspects. |
| 650 #0 - SUBJECT ADDED ENTRY--TOPICAL TERM | |
| Topical term or geographic name entry element | Acquisition of property. |
| 650 #0 - SUBJECT ADDED ENTRY--TOPICAL TERM | |
| Topical term or geographic name entry element | Personal property. |
| 650 #0 - SUBJECT ADDED ENTRY--TOPICAL TERM | |
| Topical term or geographic name entry element | Property |
| General subdivision | Political aspects. |
| 776 08 - ADDITIONAL PHYSICAL FORM ENTRY | |
| Relationship information | Online version: |
| Main entry heading | Loick, Daniel. |
| Title | Abuse of property |
| Place, publisher, and date of publication | Cambridge, Massachusetts : The MIT Press, [2023] |
| International Standard Book Number | 9780262374361 |
| Record control number | (DLC) 2022029583 |
| 906 ## - LOCAL DATA ELEMENT F, LDF (RLIN) | |
| a | 7 |
| b | cbc |
| c | orignew |
| d | 1 |
| e | ecip |
| f | 20 |
| g | y-gencatlg |
| 925 0# - | |
| -- | acquire |
| -- | 1 shelf copy |
| -- | policy default |
| 955 ## - COPY-LEVEL INFORMATION (RLIN) | |
| -- | rm15 2022-06-23 (telework) |
| -- | rm05 2024-12-14 to CMD |
| Withdrawn status | Lost status | Damaged status | Not for loan | Home library | Current library | Shelving location | Date acquired | Total checkouts | Full call number | Barcode | Date last seen | Price effective from | Koha item type |
|---|---|---|---|---|---|---|---|---|---|---|---|---|---|
| Liberty | Liberty | General stacks | 22/03/2026 | 323.4/6 | LOC-LPL-00057 | 22/03/2026 | 22/03/2026 | Books |